Normal view
MARC view
Entry Topical Term
001 - CONTROL NUMBER
- control field: 312295
003 - CONTROL NUMBER IDENTIFIER
- control field:
005 - DATE AND TIME OF LATEST TRANSACTION
- control field: 20210602102635.0
008 - FIXED-LENGTH DATA ELEMENTS
- fixed length control field: 210602|| aca||aabn | a|a d
040 ## - CATALOGING SOURCE
- Original cataloging agency:
- Transcribing agency:
150 ## - HEADING--TOPICAL TERM
- Topical term or geographic name entry element: College graduates
- Geographic subdivision: Great Britain
670 ## - SOURCE DATA FOUND
- Source citation: Work cat.: (): Kelsall, R. K. (Roger Keith), 1910- 312293, Graduates :, 1974
